000 00591nam a2200229Ia 4500
003 OSt
005 20220923225928.0
006 a|||||r|||| 00| 0
007 ta
008 Pun
024 _a275,949
037 _cTextual
040 _aARTS
_cARTS
_bPun
041 _2Pun
_aPun
082 _aO153,1NISS,11, J1
100 _aਸਿੰਘ, ਸਰਦਾਰ
245 0 _aਵਿਛੜੀ ਕੁੰਜ
260 _c1951
650 _aਪੰਜਾਬੀ ਸਾਹਿਤ
942 _hO153,1NISS,11, J1
_cTEXL
_2CC
999 _c381383
_d381383